|
|
|
|
| LEADER |
00000cam a2200000 7i4500 |
| 001 |
0000092327 |
| 005 |
20231011082145.0 |
| 008 |
230912 eng |
| 020 |
|
|
|a 9798888361085 (
|q (paperback))
|
| 040 |
|
|
|e rda
|
| 041 |
|
|
|a English
|
| 090 |
0 |
0 |
|a 747
|b ROB
|
| 100 |
1 |
|
|a Robertson, Iris ,
|e (author)
|
| 245 |
1 |
0 |
|a Become an interior designer :
|b A essential guide
|c Iris Robertson
|
| 264 |
|
1 |
|a New York, USA :
|b Larsen & Keller
|c 2023
|
| 300 |
|
|
|a 220 pages :
|b color illustrations ;
|c 26.5 cm.
|
| 336 |
|
|
|a text
|2 rdacontent
|
| 337 |
|
|
|a unmediated
|2 rdamedia
|
| 338 |
|
|
|a volume
|2 rdacarrier
|
| 541 |
|
|
|c Purchased on 2023
|f 230136 TGR
|h RM361.90
|
| 650 |
|
0 |
|a Decoration & ornament
|
| 650 |
|
0 |
|a Decoration & ornament, architectural in interior decoration
|
| 650 |
|
0 |
|a Home economics
|
| 650 |
|
0 |
|a House furnishings
|
| 650 |
|
0 |
|a Interior decoration
|
| 730 |
0 |
|
|a Title
|
| 999 |
|
|
|a 0001734448
|b Book
|c REFERENCE
|e Perbadanan Perpustakaan Awam Johor
|
| 999 |
|
|
|a 0001734735
|b Book
|c REFERENCE
|e Cawangan Segamat
|